000 00597nam a22001937a 4500
003 OSt
008 260625b |||||||| |||| 00| 0 eng d
020 _a9788170196914
082 _a632.96
_bS61T
100 _aSingh, Archana U
245 _aTrichoderma: Research And Development / by Archana U Singh, S. P. Tiwari
260 _aDelhi :
_bToday & Tomorrow Printers and Publishers,
_c2023.
300 _a255 p.
650 _aTechnology (Applied Sciences)
650 _aAgriculture and related technologies
650 _aPest and disease control
700 _aTiwari, S.P.
942 _2ddc
_cBK
999 _c52316
_d52316